000 01035nam a22003257a 4500
001 BR0503769
003 BR-BrBNA
005 20230928101949.0
007 ta
008 230509b bl.||||| |||| 00| 0 por d
040 _aBR-BrBNA
_bpor
_cBiblioteca Nacional de Agricultura
041 _a(Por)
072 _aL73
_b5212
_b4110
090 _ 5212 BR0503769
100 1 _aVeloso, I.F.
110 1 _aUniversidade Federal de Minas Gerais, Belo Horizonte (Brasil). Escola de Veterinária
_0Tese (Doutor em Ciência Animal)
245 1 _aTipos de exploração pecuária e infecção por Leptospira interrogans em Minas Gerais, 1998-2002
260 3 _aBelo Horizonte, MG (Brasil):
_c2004.
300 _a87 p.
500 _aSummaries (Eng, Por); Bibliography p. 63-66; 18 illus.; 19 tables
650 _aBOVINO
650 _aCRIAÇÃO
650 _aLEPTOSPIROSE
650 _aEPIDEMIOLOGIA
650 _aINFECÇÃO
650 _aAGLUTININA
650 _aMINAS GERAIS
909 _a202309
_bLucia
_c55
_dLucia Elande
942 _cBK
999 _c68453
_d68453